Botella al mar /

Guardado en:
Autor Principal: Mariño, Ricardo.
Otros Autores: Elizalde, Marcela; il.
Formato: Libro
Idioma:Undetermined
Publicado: Buenos Aires : Alfaguara, 1999.
Series:Infantil. Desde 8 años
Materias:
Etiquetas: Agregar Etiqueta
Sin Etiquetas, Sea el primero en etiquetar este registro!
LEADER 01037nam a22002415a 4500
001 CEM.cems019758
008 221017s1999####ag############000#0#und#d
005 20221018082302.0
245 1 0 |a Botella al mar /  |c Ricardo Mariño ; ilustrado por Marcela Elizalde. 
260 |a Buenos Aires :  |b Alfaguara,  |c 1999. 
300 |a 62 p. 
490 1 |a Infantil. Desde 8 años 
505 0 |a Mi casa -- La vuelta al mundo de Cinthia Scoch -- Aventura en la Antártida -- La casa abandonada -- La boca del léon -- Botella al mar -- La vaca es muy animal -- Escape en barco -- Escuela para piratas -- La chica y el ladrón -- El diario íntimo de Ignacio Horacio Facio 
100 1 |a Mariño, Ricardo. 
700 1 |a Elizalde, Marcela; il. 
653 |a Literatura 
653 |a Literatura Argentina 
653 |a Narrativa Argentina 
653 |a Cuentos 
653 |a Cuentos 
653 |a Terror 
859 |a CEMS  |b BIB. CEMS - Inicial y Primaria  |h A868.4  |i M339-2  |k IP  |p 1959  |t Ej.1 
859 |a CEMS  |b BIB. CEMS - Inicial y Primaria  |h A868.4  |i M339-2  |k IP  |p 6309  |t Ej.2